[Event "Polanica  Zdroj POL, Team Ch 2. Ligue"]
[Site "?"]
[Date "2004.09.05"]
[Round "2.81"]
[White "Fabrowski Janusz"]
[Black "Kwiecien Zbigniew"]
[Result "0-1"]
[WhiteElo "2160"]
[BlackElo "2222"]
[PlyCount "74"]
[EventDate "2004.??.??"]
[Source "www.chesslib.no"]
[SourceDate "2004.05.04"]

1. e4 c5 2. Nf3 d6 3. d4 cxd4 4. Nxd4 Nf6 5. Nc3 a6 6. Bg5 e6 7. f4 Be7 8. Qf3 Qc7 9. O-O-O b5 10. e5 Bb7 11. Bxb5+ axb5 12. Ndxb5 Qb6 13. Qg3 dxe5 14. fxe5 Nd5 15. Bxe7 Kxe7 16. Qxg7 Nd7 17. Qg5+ Kf8 18. Qh6+ Ke7 19. Rhf1 Qe3+ 20. Qxe3 Nxe3 21. Rxf7+ Kxf7 22. Rxd7+ Kg6 23. Rxb7 Rhf8 24. b3 Rf2 25. Nd4 Rc8 26. Kb2 Rd2 27. Rb4 Rxg2 28. Nde2 Rxe2 29. Nxe2 Rxc2+ 30. Ka3 Rxe2 31. Rb6 Kf5 32. h4 Rh2 33. Rb7 Rxh4 34. b4 Nc2+ 35. Kb3 Rxb4+ 36. Rxb4 Nxb4 37. Kxb4 h5 0-1

[Event "Cadiz op 17th"]
[Site "?"]
[Date "2003.07.19"]
[Round "3.7"]
[White "Martin Perez Javier"]
[Black "Baena Canada Jesus"]
[Result "1-0"]
[WhiteElo "2251"]
[BlackElo "2125"]
[PlyCount "135"]
[EventDate "2003.??.??"]
[Source "www.chesslib.no"]
[SourceDate "2004.05.04"]

1. e4 c5 2. Nf3 d6 3. d4 cxd4 4. Nxd4 Nf6 5. Nc3 a6 6. Bg5 e6 7. f4 Be7 8. Qf3 Qc7 9. O-O-O Nc6 10. g4 Bd7 11. Bh4 h6 12. Bf2 Rc8 13. Bh3 b5 14. g5 hxg5 15. fxg5 Ne5 16. Qg2 Nh5 17. Bg3 Bxg5+ 18. Kb1 Nxg3 19. hxg3 b4 20. Nce2 Nc4 21. Bxe6 Rxh1 22. Qxh1 Bxe6 23. Nxe6 fxe6 24. Qh5+ Kf8 25. Nd4 Kg8 26. Qxg5 e5 27. Rh1 Qd8 28. Qh5 Qe8 29. Qh7+ Kf8 30. Rf1+ Ke7 31. Qxg7+ Kd8 32. Rf8 exd4 33. Rxe8+ Kxe8 34. Qxd4 Kd7 35. Qa7+ Rc7 36. Qxa6 Nd2+ 37. Kc1 Nxe4 38. Qb5+ Ke6 39. g4 Rf7 40. Kd1 d5 41. Qe8+ Re7 42. Qg6+ Ke5 43. Qb6 Kf4 44. Qxb4 Re5 45. Qd4 Rg5 46. c3 Rxg4 47. Qxd5 Rg2 48. Kc1 Ke3 49. Qd4+ Kf3 50. a4 Rg5 51. Qd3+ Kf4 52. Qf1+ Ke3 53. Qh3+ Ke2 54. Kc2 Rd5 55. Qe6 Rd2+ 56. Kb3 Kf3 57. Qf5+ Ke3 58. a5 Rd6 59. Kb4 Rd2 60. Qh3+ Ke2 61. Qh2+ Nf2 62. Qe5+ Kd1 63. Qh5+ Kc2 64. Ka3 Nd3 65. Qb5 Kb1 66. a6 Nxb2 67. a7 Kc1 68. a8=Q 1-0

[Event "Australian op"]
[Site "Suncoast"]
[Date "1999.01.10"]
[Round "8"]
[White "Weeks, Manuel William"]
[Black "Lonborg, Morten"]
[Result "1-0"]
[WhiteElo "2245"]
[BlackElo "2130"]
[PlyCount "73"]
[EventDate "1999.01.??"]
[Source "ChessBase"]
[SourceDate "1999.03.01"]

1. e4 c5 2. Nf3 d6 3. d4 cxd4 4. Nxd4 Nf6 5. Nc3 a6 6. Bg5 e6 7. f4 Be7 8. Qf3 Qc7 9. O-O-O Nc6 10. Nxc6 Qxc6 11. Bd3 Bd7 12. Rhe1 O-O-O 13. Qg3 Nh5 14. Qh4 Bxg5 15. Qxg5 g6 16. e5 d5 17. Kb1 Qc5 18. Ne2 Rdf8 19. g4 Ng7 20. Qh6 Ne8 21. c4 dxc4 22. Bxc4 Bc6 23. Rc1 Qb6 24. f5 exf5 25. gxf5 Kb8 26. Qf4 Ka7 27. Nd4 Bd7 28. Re3 Bxf5+ 29. Nxf5 gxf5 30. Rb3 Qa5 31. Qd4+ Kb8 32. Bd5 b5 33. Rbc3 Ng7 34. Rc7 Qxc7 35. Rxc7 Kxc7 36. Qa7+ Kd8 37. Bc6 1-0

[Event "Dresden (01.03.-08.03)"]
[Site "?"]
[Date "2000.03.02"]
[Round "2.4"]
[White "Lenk Wolfgang"]
[Black "Neese Hans-Joachim"]
[Result "0-1"]
[WhiteElo "2185"]
[BlackElo "2185"]
[PlyCount "98"]
[EventDate "2000.??.??"]
[Source "www.chesslib.no"]
[SourceDate "2004.05.04"]

1. e4 c5 2. Nf3 d6 3. d4 cxd4 4. Nxd4 Nf6 5. Nc3 a6 6. Bg5 e6 7. f4 Be7 8. Qf3 Qc7 9. O-O-O Nc6 10. Kb1 Bd7 11. f5 Rc8 12. Nb3 Ne5 13. Qe2 b5 14. Rc1 b4 15. fxe6 fxe6 16. Bxf6 Bxf6 17. Nd1 O-O 18. Qe3 a5 19. Be2 a4 20. Nd4 Qc5 21. Nf3 Nxf3 22. Bxf3 Bg5 23. Qxc5 Rxc5 24. Nf2 Bxc1 25. Rxc1 Bb5 26. Re1 Rfc8 27. Bd1 b3 28. axb3 axb3 29. c3 Bc4 30. Bg4 Ra8 31. Nd1 Kf7 32. Kc1 Ra1+ 33. Kd2 Rb1 34. Re3 Ke7 35. Rh3 h6 36. Ke3 Rg5 37. Bf3 Ra5 38. Rg3 Rg5 39. Rxg5 hxg5 40. Kd4 d5 41. Bg4 Kd6 42. exd5 Bxd5 43. c4 e5+ 44. Kd3 Bxg2 45. Kc3 e4 46. Kxb3 Bf3 47. Ne3 Kc5 48. Bd7 Re1 49. Nd5 e3 0-1

[Event "Corr"]
[Site "?"]
[Date "1996.06.24"]
[Round "?"]
[White "Simon Julius"]
[Black "Matzke Michael (USA)"]
[Result "1-0"]
[WhiteElo "2160"]
[BlackElo "2209"]
[PlyCount "63"]
[EventDate "1996.??.??"]
[Source "www.chesslib.no"]
[SourceDate "2004.05.04"]

1. e4 c5 2. Nf3 d6 3. d4 cxd4 4. Nxd4 Nf6 5. Nc3 a6 6. Bg5 e6 7. f4 Be7 8. Qf3 Qc7 9. Be2 Nbd7 10. O-O-O b5 11. Bxf6 Nxf6 12. e5 Bb7 13. Qg3 dxe5 14. fxe5 Nd7 15. Bf3 O-O 16. Nd5 Bxd5 17. Bxd5 Rac8 18. Nc6 Nc5 19. Bf3 a5 20. Rd2 b4 21. Nxe7+ Qxe7 22. Kb1 a4 23. Rhd1 b3 24. cxb3 axb3 25. a3 Qc7 26. Rd6 Qa5 27. Qe1 Qa7 28. Qb4 Rb8 29. Qd4 Qa5 30. Rc1 Na6 31. Qc3 Nb4 32. Rd4 1-0